High purity - Inorganics metal ceramics organo - metallics reagents single crystals stable isotopes

সংরক্ষণ করুন:
গ্রন্থ-পঞ্জীর বিবরন
বিন্যাস: গ্রন্থ
ভাষা:Undetermined
প্রকাশিত: NewYork Atomergic Chemetals
বিষয়গুলি:
ট্যাগগুলো: ট্যাগ যুক্ত করুন
কোনো ট্যাগ নেই, প্রথমজন হিসাবে ট্যাগ করুন!
Thư viện lưu trữ: Trung tâm Học liệu Trường Đại học Cần Thơ
LEADER 00474nam a2200157Ia 4500
001 CTU_23491
008 210402s9999 xx 000 0 und d
082 |a 016.54 
082 |b H638 
245 0 |a High purity - Inorganics metal ceramics organo - metallics reagents single crystals stable isotopes 
260 |a NewYork 
260 |b Atomergic Chemetals 
650 |a Chemical 
650 |x Catalog 
904 |i Truc 
980 |a Trung tâm Học liệu Trường Đại học Cần Thơ